00535nam a22001937a 450000500170000001000130001702000100003003500130004003700160005304000120006908200130008110000200009424500510011426000420016527000490020730000210025650000500027765000140032720170124110216.0 aA-710562 c33.00 aA-710562 bCen Lib/Ret aDPLbEN a921bDAY aDhanpati Pandey aSwami Dayanand Saraswati /cby Dhanpati Pandey aNew DelhibPublication divisionc1985 bNew DelhiaS-31, Brah puri seelampure110053 a197p.c21cm(pbk) aIncludes bibliographical reference and index  aBiography